000 00498nam a2200193 a 4500
001 1754910598195
003 ACL
005 20250811164519.0
008 250811s2008##################000#0#eng##
020 _a9780743297790
082 0 4 _a974.004
_bHEA
100 1 _aHearth, Amy Hill,
_eauthor.
245 1 0 _a"Strong Medicine" Speaks :
260 _bBeyond Words/Atria Books,
_c2008.
300 _a298 pages
650 0 _aBiography & Autobiography.
942 _cENGLISH
040 _aACL
_beng
_cACL
999 _c580209
_d580209